000 00686nam a2200217Ia 4500
003 OSt
005 20250303153217.0
008 210716s2012 xx 000 0 und d
020 _a9788120345379
040 _cAIMIT LIBRARY
041 _aeng
082 _a658.406
_21
_bSATJ
100 _aSatyanarayana, J.
_9203521
245 _aManaging transformation:
_bobjectives to outcomes /
_cBy J Satyanarayana.
250 _a1st ed.
260 _aNew Delhi :
_bPHI Learning private limited ;
_c2012.
300 _ax,308p. ;
_bPB
_c23 cm.
650 _aDesigning the transformation
_9203522
650 _aImplementing the transformation
_9203523
942 _2ddc
_cBK
_e1st ed.
_k658.406 SATJ
999 _c208164
_d208164